000 00875cad a22002055a 4500
001 E147706
008 090605e20090604xxk f 000 0 eng d
035 _a(Sirsi) u147706
041 0 _aeng
110 1 _aRoyal Institution of Chartered Surveyors
_94900
245 0 0 _aHow to get the best from your broker
_h[electronic resource]
260 _c2009
490 0 _aRICS Feature
520 _aDiscusses how to get the best deal when renewing professional indemnity insurance. Emphasises the need to prepare proposal forms clearly and concisely for the broker to negotiate renewal terms.
590 _aKA
651 4 _aUnited Kingdom
_y
690 _aMANAGEMENT-BUSINESS MANAGEMENT-INSURANCE-PROFESSIONAL INDEMNITY INSURANCE
856 4 0 _uhttps://www.rics.org/site/scripts/news_category.aspx?categoryID=398
_zView the article free of charge at www.rics.org...
942 _n0
999 _c81614
_d81614